=LDR 00000nam 2200000 4500 =001 INLIS000000000016214 =005 20130612111502 =008 ***********************************Ind** =035 ##$$0010-061300000016214 =041 ##$$a Ind =082 ##$$a 635 =090 ##$$a 635, Rah a =100 ##$$a Rahardi, F =245 ##$$a Agribisnis tanaman perkebunan, F. Rahardi ; Rina Niwan Setyowati =260 ##$$a 1995 $b Jakarta =300 ##$$a VI, 67 hlm., ilus, 21 cm =650 ##$$a Perkebunan =700 ##$$a Setyowati, Rina Niwan =850 ##$$a NBPNMAT =990 ##$$a 0001/BPAP-NTB/2016